| 000 | 00352cam a2200157ua 4500 | ||
|---|---|---|---|
| 001 | 55 | ||
| 008 | 150302n II |||gr||||Z||||||eng | ||
| 040 | _aMAIN | ||
| 041 | _aEnglish | ||
| 082 | _a909 SEN | ||
| 100 | _aPROF. SEN & DAS. | ||
| 245 | _aAN OUTLINE OF WORLD HISTORY | ||
| 260 |
_aGUWAHATI _bNEWS PAPER AGENCY |
||
| 300 |
_a000: _c20CM. |
||
| 942 | _cBK | ||
| 999 |
_c55 _d55 |
||